Taxonomy of angiosperm / (Record no. 757028)

MARC details
000 -LEADER
fixed length control field 00325nam a22001337a 4500
020 ## - INTERNATIONAL STANDARD BOOK NUMBER
ISBN 9789383101795
082 ## - DEWEY DECIMAL CLASSIFICATION NUMBER
Classification number 582.13012 BIS.T
100 ## - MAIN ENTRY--AUTHOR NAME
Personal name Biswas, Mukesh
245 ## - TITLE STATEMENT
Title Taxonomy of angiosperm /
260 ## - PUBLICATION, DISTRIBUTION, ETC. (IMPRINT)
Place of publication Jaipur :
Name of publisher Agrotech press ,
Year of publication c2025.
300 ## - PHYSICAL DESCRIPTION
Number of Pages 272 p.
942 ## - ADDED ENTRY ELEMENTS (KOHA)
Source of classification or shelving scheme Dewey Decimal Classification
Koha item type Book
Holdings
Withdrawn status Lost status Source of classification or shelving scheme Damaged status Not for loan Home Library Current Location Shelving location Date acquired Source of acquisition Full call number Accession Number Price effective from Koha item type
    Dewey Decimal Classification     Dept. of Botany Dept. of Botany General Stacks 25/02/2026 Arunima book distributors 582.13012 BIS.T BOT10945 25/02/2026 Book